[Event "GRE-chT Online Rapid (Women) 1st"]
[Site "Tornelo INT"]
[Date "2021.02.20"]
[Round "2.7"]
[White "Goumenaki, Eva"]
[Black "Kalamoukou, Giolanta"]
[Result "0-1"]
[WhiteElo "1118"]
[BlackElo "1353"]
[PlyCount "62"]
[EventDate "2021.02.20"]
[EventType "team-swiss (rapid)"]
[EventRounds "9"]
[EventCountry "GRE"]
[SourceTitle "EXT 2023"]
[Source "ChessBase"]
[SourceDate "2022.10.05"]
[SourceVersion "1"]
[SourceVersionDate "2022.10.05"]
[SourceQuality "1"]

1. e4 c5 2. Nf3 Nc6 3. d4 cxd4 4. Nxd4 g6 5. Nc3 Bg7 6. Nf3 d6 7. Be3 Nf6 8. Qd2 Ng4 9. 0-0-0 Nxe3 10. Qxe3 0-0 11. Bc4 a6 12. Ng5 b5 13. Bd5 Bd7 14. Qf4 Qe8 15. Rd3 b4 16. Na4 Ne5 17. Rh3 Bxh3 18. Bxa8 Bxg2 19. Rg1 Qxa4 20. Bd5 e6 21. Bb3 Qb5 22. Qh4 h6 23. Nxe6 Nf3 24. Qg3 Nxg1 25. Qxg2 Ne2+ 26. Kb1 fxe6 27. Qxg6 Nd4 28. Bxe6+ Nxe6 29. Qxe6+ Kh7 30. Qxd6 Qf1+ 31. Qd1 Qxd1# 0-1

[Event "GRE-ch U10 Girls"]
[Site "Porto Rio"]
[Date "2016.07.02"]
[Round "7"]
[White "Kratimenou, Maria"]
[Black "Goumenaki, Eva"]
[Result "1-0"]
[WhiteElo "1184"]
[BlackElo "1083"]
[PlyCount "51"]
[EventDate "2016.06.28"]
[EventType "swiss"]
[EventRounds "9"]
[EventCountry "GRE"]
[SourceTitle "CBM 173 Extra"]
[Source "ChessBase"]
[SourceDate "2016.08.29"]
[SourceVersion "1"]
[SourceVersionDate "2016.08.29"]
[SourceQuality "1"]

1. e4 e5 2. Nf3 Nc6 3. d4 exd4 4. Nxd4 Bc5 5. Nb3 Bb6 6. Nc3 Nf6 7. Qe2 0-0 8. Be3 Bxe3 9. Qxe3 Re8 10. f3 d5 11. 0-0-0 Qe7 12. Nxd5 Nxd5 13. Rxd5 Nb4 14. Ra5 Qd6 15. Qc5 Qxc5 16. Rxc5 Nxa2+ 17. Kb1 Nb4 18. Rxc7 Rd8 19. Bc4 Rd7 20. Rxd7 Bxd7 21. Rd1 b5 22. Bxf7+ Kxf7 23. Rxd7+ Kg6 24. c3 a5 25. cxb4 axb4 26. Rb7 1-0

[Event "GRE-ch U10 Girls"]
[Site "Porto Rio"]
[Date "2016.07.01"]
[Round "5"]
[White "Mplitsa, Artemis"]
[Black "Goumenaki, Eva"]
[Result "0-1"]
[WhiteElo "1119"]
[BlackElo "1083"]
[PlyCount "60"]
[EventDate "2016.06.28"]
[EventType "swiss"]
[EventRounds "9"]
[EventCountry "GRE"]
[SourceTitle "CBM 173 Extra"]
[Source "ChessBase"]
[SourceDate "2016.08.29"]
[SourceVersion "1"]
[SourceVersionDate "2016.08.29"]
[SourceQuality "1"]

1. e4 e5 2. Nf3 Nc6 3. Bb5 a6 4. Ba4 Nf6 5. d3 Bc5 6. c3 b5 7. Bc2 h6 8. Nbd2 d6 9. h3 Bb7 10. 0-0 0-0 11. Re1 Ne7 12. Nf1 Ng6 13. Ng3 Re8 14. d4 Ba7 15. Nf5 d5 16. exd5 Qxd5 17. Bb3 Qd7 18. dxe5 Qxf5 19. exf6 Rxe1+ 20. Qxe1 Qxf6 21. Nh2 Qc6 22. Nf3 Re8 23. Qf1 Ne5 24. Nxe5 Rxe5 25. Bf4 Re2 26. Bg3 Rxb2 27. Rd1 Qxc3 28. Rc1 Qxg3 29. Rd1 Bxf2+ 30. Kh1 Qxh3# 0-1

[Event "GRE-ch U10 Girls"]
[Site "Porto Rio"]
[Date "2016.06.29"]
[Round "2"]
[White "Goumenaki, Eva"]
[Black "Papadokonstantaki, Aikaterini"]
[Result "0-1"]
[WhiteElo "1083"]
[BlackElo "1167"]
[PlyCount "36"]
[EventDate "2016.06.28"]
[EventType "swiss"]
[EventRounds "9"]
[EventCountry "GRE"]
[SourceTitle "CBM 173 Extra"]
[Source "ChessBase"]
[SourceDate "2016.08.29"]
[SourceVersion "1"]
[SourceVersionDate "2016.08.29"]
[SourceQuality "1"]

1. e4 e5 2. Nf3 Nc6 3. Bc4 Bc5 4. c3 Nf6 5. d3 d6 6. h3 Be6 7. Bb3 0-0 8. Nbd2 d5 9. exd5 Nxd5 10. Ne4 Bb6 11. 0-0 h6 12. d4 Nf6 13. Nxf6+ Qxf6 14. d5 Bxh3 15. gxh3 Ne7 16. Re1 Nf5 17. Kf1 Nh4 18. Nxe5 Qxf2# 0-1